书目信息 |
| 题名: |
气候变化、生物多样性和荒漠化问题动态参考年度辑要
|
|
| 作者: | ;国家林业局 主编 | |
| 分册: | 2013 | |
| 出版信息: | 北京 中国林业出版社 2014 |
|
| 页数: | 261页 | |
| 开本: | 26cm | |
| 丛书名: | ||
| 单 册: | ||
| 中图分类: | P467 , X176 , P941.73 | |
| 科图分类: | ||
| 主题词: | 气候变化--对策--研究--世界 , 生物多样性--生物资源保护--对策--研究--世界 , 沙漠化--对策--研究--世界 , 气候变化 , 生物多样性 , 沙漠化 , 对策 , 生物资源保护 | |
| 电子资源: | ||
| ISBN: | 978-7-5038-7577-9 | |
| 000 | 01582nam0 2200337 450 | |
| 001 | 012015000729 | |
| 005 | 20150914155231.48 | |
| 010 | @a978-7-5038-7577-9@dCNY68.00 | |
| 100 | @a20141029d2014 em y0chiy50 ea | |
| 101 | 0 | @achi |
| 102 | @aCN@b110000 | |
| 105 | @ay z 000yy | |
| 106 | @ar | |
| 200 | 1 | @a气候变化、生物多样性和荒漠化问题动态参考年度辑要@Aqi hou bian hua、sheng wu duo yang xing he huang mo hua wen ti dong tai can kao nian du ji yao@h2013@f国家林业局经济发展研究中心主编 |
| 210 | @a北京@c中国林业出版社@d2014 | |
| 215 | @a261页@d26cm | |
| 330 | @a本书汇集了近百份有价值的重要信息资料,主要集中在4个方面:一是林业与国际气候变化谈判,重点关注林业在未来全球减排协议中的地位;二是林业在生物多样性、荒漠化、湿地国际公约和主要国家治理行动中的重大决策和重要地位;三是林业应对气候变化的重要地位和各国战略、政策及行动,关注国家气候行动计划、全球气候立法进展、林业碳汇交易动向、REDD+资金机制等;四是林业促进可持续发展,涉及林业与城市化、粮食安全、绿色经济、森林治理、森林可持续经营、保护区管理、林产品贸易与打击非法采伐等。这些信息必将对广大林业工作者开拓国际视野、指导当前工作起到参考作用。 | |
| 606 | 0 | @a气候变化@x对策@x研究@y世界 |
| 606 | 0 | @a生物多样性@x生物资源保护@x对策@x研究@y世界 |
| 606 | 0 | @a沙漠化@x对策@x研究@y世界 |
| 606 | 0 | @a气候变化 |
| 606 | 0 | @a生物多样性 |
| 606 | 0 | @a沙漠化 |
| 606 | 0 | @a对策 |
| 606 | 0 | @a生物资源保护 |
| 690 | @aP467@v5 | |
| 690 | @aX176@v5 | |
| 690 | @aP941.73@v5 | |
| 711 | 02 | @a国家林业局@Aguo jia lin ye ju@b经济发展研究中心@4主编 |
| 801 | 0 | @aCN@b碧洲教育@c20150718 |
| 905 | @a10447@f4@dP467@e89 | |
| 气候变化、生物多样性和荒漠化问题动态参考年度辑要.2013/国家林业局经济发展研究中心主编.-北京:中国林业出版社,2014 |
| 261页;26cm |
| ISBN 978-7-5038-7577-9:CNY68.00 |
| 本书汇集了近百份有价值的重要信息资料,主要集中在4个方面:一是林业与国际气候变化谈判,重点关注林业在未来全球减排协议中的地位;二是林业在生物多样性、荒漠化、湿地国际公约和主要国家治理行动中的重大决策和重要地位;三是林业应对气候变化的重要地位和各国战略、政策及行动,关注国家气候行动计划、全球气候立法进展、林业碳汇交易动向、REDD+资金机制等;四是林业促进可持续发展,涉及林业与城市化、粮食安全、绿色经济、森林治理、森林可持续经营、保护区管理、林产品贸易与打击非法采伐等。这些信息必将对广大林业工作者开拓国际视野、指导当前工作起到参考作用。 |
| ● |
| 相关链接 |
|
|
|
|
正题名:气候变化、生物多样性和荒漠化问题动态参考年度辑要
索取号:P467/89
 
预约/预借
| 序号 | 登录号 | 条形码 | 馆藏地/架位号 | 状态 | 备注 |
| 1 | 0848275 | 208482756 | 第二样本阅览室/ [索取号:P467/89] | 在馆 | |
| 2 | 0848276 | 208482765 | 第三借阅区/ [索取号:P467/89] | 在馆 | |
| 3 | 0848277 | 208482774 | 第三借阅区/ [索取号:P467/89] | 在馆 | |
| 4 | 0848278 | 208482783 | 第三借阅区/ [索取号:P467/89] | 在馆 |